00758nam a2200241Ia 450000500170000000800410001702000150005804100080007310000320008124500670011325000230018026400310020330000400023433600270027433700330030133800280033465000290036265000300039165000270042170000220044804000350047008400110050520220316235209.0121119s1997 s a gr 000 j spa  a84246236650 aspa1 aAlcántara, Ricardod1946-13aLa canción de SinbarbacRicardo Alcántara, Roser Capdevila aPrimera edición  1aBarcelonabLa Galerac1997 a18 páginasbilustracionesc20 cm. atextobtxt2rdacontent asin mediaciónbn2rdamedia avolumenbnc2rdacarrier142LEMBaCuentos infantiles142LEMBaLiteratura infantil142LEMBaPiratasvCuentos1 aCapdevila, Roser  aCO-BoRNBPbspaerdacCO-BoRNBP aC ALC2